Transfery Cracovii w letnim okienku transferowym 2021/22. - Statystyki

Ogólne statystyki
  • Ten quiz został rozwiązany 15 razy
  • Średni wynik to 4 z 6
Statystyki odpowiedzi
Cena Pozycja Narodowość Poprzedni Klub Pilkarz % Poprawnych
Za darmo Prawy obrońca Gruzja Tenerife Kakabadze
93%
? Środkowy pomocnik Dania Lyngby BK Rasmussen
79%
Za darmo Środkowy napastnik Słowacja Zlate Moravce Balaj
71%
Za darmo Środkowy obrońca Czechy Slavia Praga Jugas
71%
? Środkowy pomocnik Polska Puszcza Niepołomice Knap
71%
125 tys Środkowy napastnik Polska Sandecja Nowy Sącz Ogorzały
57%
Nie znaleziono quizów pasujących do podanych kryteriów
Rozkład punktacji
Procent ludzi z każdym wynikiem
Percentyl według liczby udzielonych odpowiedzi
Twoja historia wyników
Nie rozwiązałeś tego quizu